UBT Library

Asia's Land and People (Record no. 57586)

000 -LEADER
fixed length control field 00288nam a22001337a 4500
008 - FIXED-LENGTH DATA ELEMENTS--GENERAL INFORMATION
fixed length control field 210521b ||||| |||| 00| 0 eng d
041 ## - LANGUAGE CODE
Language code of text/sound track or separate title eng
080 ## - UNIVERSAL DECIMAL CLASSIFICATION NUMBER
Universal Decimal Classification number 91
082 ## - DEWEY DECIMAL CLASSIFICATION NUMBER
Classification number 91
100 ## - Rafti
Rafti 42
101 ## - Shkurtesa
Shkurtesa GJEO
245 ## - TITLE STATEMENT
Title Asia's Land and People
Statement of responsibility, etc George B. Cressey
942 ## - ADDED ENTRY ELEMENTS (KOHA)
Source of classification or shelving scheme
Item type Books
Holdings
Withdrawn status Lost status Source of classification or shelving scheme Damaged status Not for loan Collection code Permanent location Current location Shelving location Date acquired Total Checkouts Full call number Barcode Date last seen Price effective from Koha item type
          Koleksioni i përgjithshem UBT - Lipjan UBT - Lipjan Koleksioni i përgjithshem 05/21/2021   91 CRE 002-7002948 05/21/2021 05/21/2021 Books
UBT Library © 2015-2024. All rights reserved University Education for Business and Technology